| 000 | 00341nam a22001577a 4500 | ||
|---|---|---|---|
| 003 | SGT | ||
| 082 |
_a603 _bT09V |
||
| 100 | _aVENES,DONALD,ED | ||
| 245 | _aTABER'S CYCLOPEDIA MEDICAL DICTIONARY | ||
| 250 | _a21TH | ||
| 260 |
_aDELHI _bF.A, DAVIS _c2009 |
||
| 300 | _a2846 | ||
| 650 | _aDICTIONARY | ||
| 653 | _aDICTIONARY | ||
| 942 |
_2ddc _cBK |
||
| 999 |
_c8373 _d8373 |
||